书目信息 |
| 题名: |
人口论
|
|
| 作者: | 马尔萨斯 著 ;郭大力 译 | |
| 分册: | ||
| 出版信息: | 北京 北京大学出版社 2008.01 |
|
| 页数: | 211页, [8] 页图版 | |
| 开本: | 27cm | |
| 丛书名: | 人文社会科学素养文库 | |
| 单 册: | ||
| 中图分类: | C92 | |
| 科图分类: | ||
| 主题词: | 人口学--ren kou xue | |
| 电子资源: | ||
| ISBN: | 978-7-301-13247-0 | |
| 000 | 01133nam 2200277 450 | |
| 001 | 012008253872 | |
| 005 | 20080524165404.37 | |
| 010 | @a978-7-301-13247-0@dCNY36.00 | |
| 100 | @a20080524d2008 em y0chiy0120 ea | |
| 101 | 1 | @achi@ceng |
| 102 | @aCN@b110000 | |
| 105 | @aacf z 000yy | |
| 106 | @ar | |
| 200 | 1 | @a人口论@Aren kou lun@d= Essay on the principle of population@f(英) 马尔萨斯著@F(ying)ma er sa si zhu@g郭大力译@Gguo da li yi@zeng |
| 210 | @a北京@c北京大学出版社@d2008.01 | |
| 215 | @a211页, [8] 页图版@c图, 肖像@d27cm | |
| 225 | 2 | @a人文社会科学素养文库@Aren wen she hui ke xue su yang wen ku@i人文社会科学元典丛书 |
| 330 | @a本书是第一本重要的人口著作,作者把这些早已被别人表达过的思想放到一个更大的体系中去,并详细证明人口增 长同经济和政治发展之间的关系。 | |
| 410 | 0 | @12001 @a人文社会科学素养文库@i人文社会科学元典丛书 |
| 500 | 10 | @aEssay on the principle of population@mChinese |
| 606 | 0 | @a人口学@Aren kou xue |
| 690 | @aC92@v4 | |
| 701 | 1 | @a马尔萨斯@Ama er sa si@g(Malthus, Thomas Robert)@4著 |
| 702 | 0 | @a郭大力@Aguo da li@4译 |
| 801 | 0 | @aCN@bQSSK@c20080524 |
| 905 | @b713729-31@dC92@eM047@f3 | |
| 人口论= Essay on the principle of population/(英) 马尔萨斯著/郭大力译.-北京:北京大学出版社,2008.01 |
| 211页, [8] 页图版:图, 肖像;27cm.-(人文社会科学素养文库.人文社会科学元典丛书) |
| ISBN 978-7-301-13247-0:CNY36.00 |
| 本书是第一本重要的人口著作,作者把这些早已被别人表达过的思想放到一个更大的体系中去,并详细证明人口增 长同经济和政治发展之间的关系。 |
| ● |
| 相关链接 |
|
|
|
正题名:人口论
索取号:C92/M047
 
预约/预借
| 序号 | 登录号 | 条形码 | 馆藏地/架位号 | 状态 | 备注 |
| 1 | 713729 | 207137294 | 社科库509/509社科库 62排9列1层/ [索取号:C92/M047] | 在馆 | |
| 2 | 713730 | 207137301 | 社科库509/509社科库 62排9列1层/ [索取号:C92/M047] | 在馆 | |
| 3 | 713731 | 207137310 | 社科库509/509社科库 62排9列1层/ [索取号:C92/M047] | 在馆 |